[Event "NOR-ch Class4"]
[Site "Larvik"]
[Date "2019.07.07"]
[Round "3"]
[White "Ratama, Sofie Kristine"]
[Black "Lotz, Corinna"]
[Result "1/2-1/2"]
[WhiteElo "1329"]
[BlackElo "1383"]
[PlyCount "69"]
[EventDate "2019.07.05"]
[EventType "swiss"]
[EventRounds "9"]
[EventCountry "NOR"]
[SourceTitle "EXT 2024"]
[Source "ChessBase"]
[SourceDate "2023.10.10"]
[SourceVersion "1"]
[SourceVersionDate "2023.10.10"]
[SourceQuality "1"]

1. e4 d5 2. exd5 Qxd5 3. Nc3 Qa5 4. d4 c6 5. Nf3 Nd7 6. Bc4 e6 7. Bd2 Qc7 8. 0-0 Ngf6 9. h3 Bd6 10. Qe2 0-0 11. a3 b5 12. Bb3 Bb7 13. Rfe1 Rae8 14. Be3 a6 15. Qd2 c5 16. dxc5 Bxc5 17. Nd4 Bxd4 18. Bxd4 Qc6 19. Qg5 e5 20. Be3 h6 21. Qg3 Kh8 22. Qh2 Nc5 23. Bxc5 Qxc5 24. Rad1 e4 25. Qd6 Qc8 26. Qd4 Rd8 27. Qe3 Rd7 28. Rxd7 Qxd7 29. Rd1 Qc7 30. Rd4 Re8 31. a4 Bc6 32. axb5 axb5 33. Rd1 Re7 34. Rd4 Qb7 35. Rd8+ 1/2-1/2